| 000 | 01691nam a2200301Ia 4500 | ||
|---|---|---|---|
| 999 |
_c39429 _d39429 |
||
| 001 | 6020 | ||
| 003 | GE_BSU | ||
| 005 | 20200130155849.0 | ||
| 008 | 181216s2010||||ge |||||||||||||| ||geo|| | ||
| 020 | _a9789941906428 | ||
| 040 | _cGE_BSU | ||
| 041 | _ageo | ||
| 080 | _a618.2(075.8) მ-46 | ||
| 245 |
_aმეანობა / _b _c [ვ. ბოდიაჟინა, კ. ჟმაკინა, ა. კირიუშჩენკოვი [და სხვ.]] ; ვ. ბოდიაჟინას "მეანობისა" და ვ. სეროვის "პრაქტიკული მეანობის" შეჯერ. და გადამუშ. თარგმანი ; [მთარგმნ.: გრიგოლ ქაჯაია [და სხვ.]] ; ქართ. თარგმანის რედ. პალიკო კინტრაია. |
||
| 264 |
_aთბილისი : _bმთაწმინდელი ; _c2010. |
||
| 300 |
_a559 გვ. : _bილ. ; _c22 სმ. |
||
| 653 | _aმეანობა | ||
| 653 | _aმედიცინა | ||
| 700 |
_a ბოდიაჟინა, ვ. _96539 |
||
| 700 |
_a ჟმაკინა, კ. _96540 |
||
| 700 |
_aკირიუშჩენკოვი, ა. _95384 |
||
| 700 |
_a სეროვი, ვ. და სხვ. _eავტორი _96541 |
||
| 700 |
_aქაჯაია, გრიგოლ _95385 |
||
| 700 |
_a ხაჟომია, ნათია _96542 |
||
| 700 |
_aკოხრეიძე, ლელა _eმთარგმნელი _96543 |
||
| 700 |
_aკინტრაია, პალიკო _eრედაქტორი _96544 |
||
| 942 |
_cBK _2udc |
||